| 000 | 00767nam a2200229 a 4500 | ||
|---|---|---|---|
| 005 | 20240911064720.0 | ||
| 008 | 040225s1999 mx r 000 0 spa d | ||
| 020 | _a8481643017 | ||
| 035 | _aUPN01000132193 | ||
| 049 | _aCG | ||
| 050 | 4 |
_aHM1206 _bL8.8 |
|
| 100 | 1 | _aLucas Marín, Antonio | |
| 245 | 1 | 0 |
_aSociología de la comunicación / _cAntonio Lucas Marín, Carmen García Galera, José Antonio Ruíz San Román. |
| 260 |
_aMadrid : _bTrotta, _c1999. |
||
| 300 | _a276 p. | ||
| 440 | 0 |
_aEstructuras y procesos. _pCiencias sociales |
|
| 650 | 7 |
_aComunicación _xAspectos sociales _2 _96056 |
|
| 650 | 4 |
_aSociología _xInvestigación _97968 |
|
| 700 | 1 |
_aGarcía Galera, Carmen, _ecoaut. |
|
| 700 | 1 |
_aRuiz San Román, José Antonio, _ecoaut. |
|
| 905 | _aLibro | ||
| 999 |
_c104348 _d104348 |
||